Statistics for Oscar-winning Actors in Robert Altman Movies

Click here to take the quiz!

General Stats

  • This quiz has been taken 121 times
  • The average score is 20 of 25

Answer Stats

Altman Movies They Appeared InMovies They Won Their Oscar ForAnswer% Correct
The Player (1992), Prêt-à-Porter (1994)Erin Brokovich (2000) - Lead ActressJulia Roberts
97%
A Prairie Home Companion (2006)Kramer vs. Kramer (1979) - Supporting Actress, Sophie's Choice (1982) - Lead Actress, The Iron Lady (2012) - Lead ActressMeryl Streep
97%
Popeye (1980)Good Will Hunting (1997) - Supporting ActorRobin Williams
97%
Come Back to the 5 & Dime Jimmy Dean, Jimmy Dean (1982)Moonstruck (1987) - Lead ActressCher
96%
Come Back to the 5 & Dime Jimmy Dean, Jimmy Dean (1982)Misery (1990) - Lead ActressKathy Bates
96%
Buffalo Bill and the Indians (1976), Quintet (1979)The Color of Money (1986) - Lead ActorPaul Newman
94%
Prêt-à-Porter (1994)The Last King of Scotland (2006) - Lead ActorForest Whitaker
93%
Dr. T and the Women (2000)As Good as it Gets (1997) - Lead ActressHelen Hunt
91%
The Player (1992)Ghost (1990) - Supporting ActressWhoopi Goldberg
90%
Fool for Love (1985), Prêt-à-Porter (1994)L.A. Confidential (1997) - Supporting ActressKim Basinger
87%
A Prairie Home Companion (2006)A Fish Called Wanda (1988) - Supporting ActorKevin Kline
86%
3 Women (1977)Coal Miner's Daughter (1981) - Lead ActressSissy Spacek
86%
A Prairie Home Companion (2006)The Fugitive (1993) - Supporting ActorTommy Lee Jones
85%
Countdown (1967), M*A*S*H (1970), The Gingerbread Man (1998)Tender Mercies (1983) - Lead ActorRobert Duvall
84%
The Player (1992), Prêt-à-Porter (1994)Mystic River (2003) - Supporting ActorTim Robbins
80%
Gosford Park (2001)The Prime of Miss Jean Brodie (1969) - Lead Actress, California Suite (1978) - Supporting ActressMaggie Smith
79%
Thieves Like Us (1974)One Flew Over the Cuckoo's Nest (1975) - Lead ActressLouise Fletcher
76%
McCabe and Mrs. Miller (1965)Darling (1965) - Lead ActressJulie Christie
71%
Buffalo Bill and the Indians (1976)Cabaret (1972) - Supporting ActorJoel Grey
67%
Short Cuts (1993)Save the Tiger (1973) - Lead ActorJack Lemmon
66%
HealtH (1980), Beyond Therapy (1987)Women In Love (1969) - Lead Actress, A Touch of Class (1973) - Lead ActressGlenda Jackson
65%
Prêt-à-Porter (1994)La ciociara (1962) - Lead ActressSophia Loren
60%
Cookie's Fortune (1999)Hud (1961) - Lead ActressPatricia Neal
52%
The Cold Day in the Park (1969), Come Back to the 5 & Dime Jimmy Dean, Jimmy Dean (1982)Who's Afraid of Virginia Woolf (1966) - Supporting ActressSandy Dennis
46%
Dr. T and the Women (2000)Shampoo (1975) - Supporting ActressLee Grant
38%

Score Distribution

Percentile by Number Answered

Percent of People with Each Score

Your Score History

You have not taken this quiz